000 00491nam a2200193Ia 4500
008 151119s9999||||xx |||||||||||||| ||und||
082 _a891.463
082 _bGKKV27854
100 _aजाखोटिया गिरीश
245 _aवंश
260 _a--
260 _b--
260 _c2008
600 _aजाखोटिया गिरीश
630 _aवंश
700 _aजाखोटिया गिरीश
730 _aवंश
942 _cBOOK
999 _c1080276
_d1080273